| 000 | 01168cam a22002054a 4500 | ||
|---|---|---|---|
| 005 | 20250605164212.0 | ||
| 008 | 250528s ||||||||||||||||||||||||d | ||
| 035 | _a20323 | ||
| 020 | _a33377776 | ||
| 040 |
_aGR-AtMCL _bgre _dGR-AtMCL _eAACR2 |
||
| 245 | 1 | _aSoil Mechanics / Principles and Practice: Second Edition | |
| 250 | _a2nd | ||
| 260 |
_bPalgrave Macmillan, _c2000 |
||
| 300 | _a494 | ||
| 520 | _aThe aims of this book is to provide an understanding of the nature of soil, an appreciation of soil behavior and an insight into the application of the principles to practical engineering solutions. Preface, Soil Formation and Nature, Soil Description and Classification, Permeability and Seepage, Effective Stress and Pore Pressure, Contact Pressure and Stress Distribution, Compressibility and Consolidation, Shear Strength, Shallow Foundations - Stability, Shallow Foundations - Settlements, Pile Foundations, Lateral Earth Pressures and Retaining Structures, Slope Stability, Earthworks and Soil Compaction, Site Investigation, Glossary, References, Index. | ||
| 700 | 1 |
_aBarnes Graham _96329 |
|
| 942 | _cBK | ||
| 999 |
_c5445 _d5445 |
||